000 00584nam a22002177a 4500
003 UA-OsUOA
001 73372
007 ta
008 20110224b un ||||| |||| 00| 0 ukr d
100 _aМовчан Р.
090 _a82
_bМ74
942 _cSA
040 _aUA-OsUOA
_bukr
_cUA-OsUOA
_dUA-OsUOA
245 _aСамітник в океані життя, або Дні і труди Василя Барки
300 _aС.8
955 _a0
041 _aukr
080 _a82
773 0 _w73371
650 7 _a82 Література. Літературознавство
_2UDC
999 _c359664
_d359664